000 00940nam a2200193Ia 4500
999 _c44268
_d44268
001 11026
003 GE_BSU
005 20221216111211.0
008 181216s1984ge xx |||||||||||||| ||geo||
040 _cGE_BSU
041 _ageo
080 _a031=353.1 ქ-27
245 _aქართული საბჭოთა ენციკლოპედია :
_bტ.8: პედაგოგი–სამეული /
_c მთ. რედ.: ირ. აბაშიძე [და სხვ.].
264 _aთბილისი :
_bმთ. სამეცნ. რედაქცია,
_c1984.
300 _a720 გვ .:
_b ილ., რუკა, სქ.
_c27სმ.
653 _aქართული საბჭოთა ენციკლოპედია ტ.8: პედაგოგი–სამეული
700 _aაბაშიძე, ირ.
_eმთავარი რედაქტორი
_916451
942 _cBK
_2udc